Obce okresu Cheb - Statistics

General Stats
  • This quiz has been taken 19 times
  • The average score is 12 of 40
Answer Stats
Počet obyvatel Odpověď % Correct
12 684
100%
32 808 Cheb
100%
5 607 Františkovy Lázně
93%
2 070 Hranice
93%
14 052 Mariánské Lázně
93%
1 892 Skalná
64%
2 191 Luby
57%
1 886 Plesná
57%
1 522 Hazlov
43%
360 Pomezí nad Ohří
43%
2 402 Velká Hleďsebe
43%
254 Vojtanov
43%
2 903 Teplá
36%
625 Krasná
29%
1 403 Lázně Kynžvart
29%
1 014 Drmoul
21%
261 Křižovatka
21%
316 Milhostov
21%
325 Nebanice
21%
543 Nový Kostel
21%
214 Podhradí
21%
103 Prameny
21%
1 071 Tři sekery
21%
418 Trstěnice
21%
805 Libá
14%
392 Mnichov
14%
237 Odrava
14%
254 Okrouhlá
14%
505 Stará Voda
14%
475 Třebeň
14%
487 Valy
14%
180 Velký Luh
14%
747 Lipová
7%
122 Vlkovice
7%
1 174 Dolní Žandov
0%
288 Milíkov
0%
142 Ovesné Kladruby
0%
168 Poustka
0%
141 Tuřany
0%
495 Zádub-Závišín
0%
No matching quizzes found
Score Distribution
Percent of People with Each Score
Percentile by Number Answered
Your Score History
You have not taken this quiz